Water Contamination Emergencies: Collective Responsibility (Record no. 14614)
[ view plain ]
| 000 -LEADER | |
|---|---|
| fixed length control field | 00352nam a22001337a 4500 |
| 020 ## - INTERNATIONAL STANDARD BOOK NUMBER | |
| ISBN | 9780854041725 |
| 082 ## - DEWEY DECIMAL CLASSIFICATION NUMBER | |
| Classification number | 628.168 |
| Item number | GRA/WA |
| 245 ## - TITLE STATEMENT | |
| Title | Water Contamination Emergencies: Collective Responsibility |
| 260 ## - PUBLICATION, DISTRIBUTION, ETC. (IMPRINT) | |
| Place of publication | Cambridge |
| Name of publisher | RSC Publishing |
| Year of publication | 2009 |
| 300 ## - PHYSICAL DESCRIPTION | |
| Number of Pages | 412 |
| 700 ## - ADDED ENTRY--PERSONAL NAME | |
| Personal name | Gray,John |
| 700 ## - ADDED ENTRY--PERSONAL NAME | |
| Personal name | Thompson,Clive K. |
| 942 ## - ADDED ENTRY ELEMENTS (KOHA) | |
| Koha item type | Reference |
| Withdrawn status | Lost status | Damaged status | Collection code | Home library | Current library | Shelving location | Date acquired | Source of acquisition | Cost, normal purchase price | Full call number | Accession Number | Koha item type |
|---|---|---|---|---|---|---|---|---|---|---|---|---|
| Reference | KAUAET | KAUAET | Reference | 20/07/2016 | Dream Tech, Trivandrum | 12066.97 | 628.168 GRA/WA | 24788 | Reference |
